000 00301nam a22001337a 4500
008 180103b xxu||||| |||| 00| 0 eng d
020 _a0201005638
041 _aeng
080 _a338
100 _a53
101 _aMNG
245 _aBuilding Decision Support Systems
_cBennet, J.L
942 _2udc
_cBK
999 _c39602
_d39602